Geography Quiz

Random Geography or State Quiz

Top Tobacco Producing States Quiz Stats

 Plays Quiz Updated Jun 8, 2017

Support Sporcle.
Go Orange.
Score 0/10 Timer 02:00
0 Plays Today
Weight (1,000 lbs.) State % Correct
391,710North Carolina
94.4%
25,920South Carolina
93.6%
53,179Virginia
93.4%
22,710Georgia
91.8%
183,904Kentucky
88.3%
49,576Tennessee
88.1%
3,958Ohio
76.6%
4,194Indiana
68.4%
22,119Pennsylvania
67.6%
3,841Connecticut
17.1%

You're not logged in!

Compare scores with friends on all Sporcle quizzes.
OR
Log In
Forgot?

From the Vault

Second 'A' Countries

by Milan

This quiz is quite 'A' challenge.
Remove Ads.
Support Sporcle.
Get the best of Sporcle when you Go Orange. This ad-free experience offers more features, more stats, and more fun while also helping to support Sporcle. Thank you for becoming a member.

Show Comments

Extras

Top Quizzes Today


Score Distribution

Your Account Isn't Verified!

In order to create a playlist on Sporcle, you need to verify the email address you used during registration. Go to your Sporcle Settings to finish the process.

Report this User

Report this user for behavior that violates our Community Guidelines.

Details: